| 000 | 00603nam a2200241Ia 4500 | ||
|---|---|---|---|
| 003 | OSt | ||
| 005 | 20230403104328.0 | ||
| 008 | 210423s1967 xx 000 0 und d | ||
| 020 | _a716604736 | ||
| 040 | _cAL | ||
| 041 | _aeng | ||
| 082 | _a030.02 WORL | ||
| 100 |
_aWorld book dictionary _982294 |
||
| 245 | _aWorld book dictionary | ||
| 260 |
_aChicago _bField Enterprises educational corporation _c1967 |
||
| 300 |
_avii,628 _bHB |
||
| 365 | _cINR | ||
| 440 | _v1 | ||
| 650 |
_aEncyclopedic Works _982295 |
||
| 650 |
_aGeneral _982296 |
||
| 906 | _adictionary. ; World | ||
| 942 |
_2ddc _cBK |
||
| 999 |
_c157932 _d157932 |
||